Commentary on St. Paul's epistle to the Galatians. (Record no. 5783)

000 -LEADER
fixed length control field 00601nam a2200181 a 4500
001 - CONTROL NUMBER
control field :::00003525$&:&@@
003 - CONTROL NUMBER IDENTIFIER
control field OkBaRHE
005 - DATE AND TIME OF LATEST TRANSACTION
control field 20000607103306.0
008 - FIXED-LENGTH DATA ELEMENTS--GENERAL INFORMATION
fixed length control field j 000 0 eng u
040 ## - CATALOGING SOURCE
Transcribing agency
100 1# - MAIN ENTRY--PERSONAL NAME
Personal name Beet, J. Agar (Joseph Agar), 1840-1924.
245 10 - TITLE STATEMENT
Title Commentary on St. Paul's epistle to the Galatians.
260 ## - PUBLICATION, DISTRIBUTION, ETC. (IMPRINT)
Place of publication, distribution, etc Salem, OH., :
Name of publisher, distributor, etc Schmul Publishers
Date of publication, distribution, etc nd
300 ## - PHYSICAL DESCRIPTION
Extent 232 p. ;
Dimensions 22 cm.
650 ## - SUBJECT ADDED ENTRY--TOPICAL TERM
Topical term or geographic name as entry element Bible New Testament Galatians
General subdivision Commentaries
942 ## - ADDED ENTRY ELEMENTS (KOHA)
Source of classification or shelving scheme
Koha item type Books
Copies
Withdrawn status Copy number Barcode Lost status Permanent Location Price effective from Damaged status Date acquired Not for loan Shelving location Koha item type Full call number Source of classification or shelving scheme Date last seen
 13525 RHEMA Bible Training College2010-04-14 2010-04-14 General StacksBooksBS 2685 .B337 2018-04-03